East Asia imperilled : Transnational challenges to security
In this pathbreaking analysis, Alan Dupont argues that an emerging new class of non-military threats has the potential to destabilize East Asia and reverse decades of hard-won economic and social development. Transnational threats stem from overpopulation, deforestation and pollution, global warming...
Shranjeno v:
| Glavni avtor: | |
|---|---|
| Format: | Knjiga |
| Jezik: | Undetermined |
| Izdano: |
Cambridge
Cambridge University Press
2001
|
| Oznake: |
Označite
Brez oznak, prvi označite!
|
| Thư viện lưu trữ: | Trung tâm Học liệu Trường Đại học Cần Thơ |
|---|
| LEADER | 01099nam a2200205Ia 4500 | ||
|---|---|---|---|
| 001 | CTU_167005 | ||
| 008 | 210402s9999 xx 000 0 und d | ||
| 020 | |c 36.99 | ||
| 082 | |a 306.095 | ||
| 082 | |b D938 | ||
| 100 | |a Dupont, Alan | ||
| 245 | 0 | |a East Asia imperilled : | |
| 245 | 0 | |b Transnational challenges to security | |
| 245 | 0 | |c Alan Dupont | |
| 260 | |a Cambridge | ||
| 260 | |b Cambridge University Press | ||
| 260 | |c 2001 | ||
| 520 | |a In this pathbreaking analysis, Alan Dupont argues that an emerging new class of non-military threats has the potential to destabilize East Asia and reverse decades of hard-won economic and social development. Transnational threats stem from overpopulation, deforestation and pollution, global warming, unregulated population movements, transnational crime and virulent new strains of infectious diseases. This authoritative book is essential reading for East Asia specialists and makes a significant and timely contribution to international security debates. | ||
| 904 | |i Trọng Hiếu | ||
| 980 | |a Trung tâm Học liệu Trường Đại học Cần Thơ | ||